000 00493nam a2200181Ia 4500
005 20250508153114.0
008 008 250505s9999 xx 000 0 eng d
037 _aTextual
040 _aFEDL
_beng
_cFEDL
041 _aeng
_2eng
084 _a954, FER
_qFEDL
100 _aFerguson James P
_9103806
245 0 _aKashmir: An historical introduction
260 _aLondon, UK
_bCentaur Press
_c1961
300 _a214p.
942 _cTEXL
_h954, FER
999 _c1340712
_d1340712